[Event "Ukraine Championship-2017 U20 (Girls) B"]
[Site "Lviv"]
[Date "2017.03.02"]
[Round "1.2"]
[White "Lebedeva, Valeriya"]
[Black "Osmak, Iulija"]
[Result "0-1"]
[WhiteElo "1672"]
[BlackElo "2128"]
[PlyCount "64"]
[EventDate "2017.03.02"]
[EventType "swiss (blitz)"]
[EventRounds "9"]
[EventCountry "UKR"]

1. e4 Nc6 2. Nc3 d6 3. g3 Nf6 4. Bg2 g6 5. d3 Bg7 6. f4 e6 7. Nf3 d5 8. e5 Nd7
9. d4 Ne7 10. O-O c5 11. Be3 b6 12. Nh4 Ba6 13. Rf2 Nc6 14. Na4 cxd4 15. Bxd4
Nxd4 16. Qxd4 Bf8 17. b4 Qc7 18. c3 Qc4 19. Qxc4 Bxc4 20. a3 Rc8 21. Nf3 Bb5
22. Nb2 Rxc3 23. Nd4 Ba6 24. b5 Bc5 25. Rd2 Bxb5 26. Kh1 Ba6 27. Ne2 Rb3 28.
Na4 O-O 29. Nxc5 Nxc5 30. Rc1 Rxa3 31. Nd4 Bc4 32. Nc6 Nb3 0-1

[Event "Ukraine Championship-2017 U20 (Girls) B"]
[Site "Lviv"]
[Date "2017.03.02"]
[Round "1.3"]
[White "Barchuk, Irina"]
[Black "Stavitskaya, Vlada"]
[Result "1-0"]
[WhiteElo "2071"]
[BlackElo "1623"]
[PlyCount "62"]
[EventDate "2017.03.02"]
[EventType "swiss (blitz)"]
[EventRounds "9"]
[EventCountry "UKR"]

1. e4 e5 2. Nf3 Nc6 3. Bc4 Bc5 4. c3 Nf6 5. d3 d6 6. O-O O-O 7. Bb3 Be6 8. Bc2
Ne7 9. d4 exd4 10. cxd4 Bb6 11. Nc3 Ng6 12. Qe2 Bg4 13. Be3 Nh4 14. Rad1 Nxf3+
15. gxf3 Bh3 16. Rfe1 h6 17. Kh1 Nh7 18. Rg1 Kh8 19. Rg3 Bd7 20. Rdg1 g5 21. f4
f6 22. Nd5 Rg8 23. Qh5 Qf8 24. Nxb6 axb6 25. fxg5 fxg5 26. d5 c6 27. Bd4+ Nf6
28. Rf3 Qe8 29. Bxf6+ Kh7 30. e5+ Rg6 31. Bxg6+ Qxg6 1-0

[Event "Ukraine Championship-2017 U20 (Girls) B"]
[Site "Lviv"]
[Date "2017.03.02"]
[Round "2.1"]
[White "Salah, Nadezhda"]
[Black "Bezkorovaina, Mariia"]
[Result "0-1"]
[WhiteElo "1864"]
[BlackElo "2144"]
[PlyCount "123"]
[EventDate "2017.03.02"]
[EventType "swiss (blitz)"]
[EventRounds "9"]
[EventCountry "UKR"]

1. Nf3 Nf6 2. g3 b6 3. Bg2 Bb7 4. d3 c5 5. Nbd2 Nc6 6. O-O d6 7. e4 e6 8. c3
Be7 9. a4 O-O 10. Nc4 d5 11. exd5 Nxd5 12. a5 Rb8 13. a6 Ba8 14. h4 Bf6 15. Bg5
h6 16. Bxf6 Qxf6 17. Nd6 Rfd8 18. Ne4 Qe7 19. Qe2 Rd7 20. Rad1 Rbd8 21. d4 cxd4
22. Nxd4 Nxd4 23. Rxd4 e5 24. Rd2 f5 25. c4 Nb4 26. Rxd7 Qxd7 27. Nc3 Bxg2 28.
Kxg2 Qc6+ 29. Kh2 e4 30. Rd1 Nd3 31. b3 Rf8 32. Nd5 Kh7 33. Qe3 Qg6 34. Ne7 Qg4
35. Rd2 Nc5 36. Nc6 f4 37. gxf4 Qxh4+ 38. Kg1 Qxf4 39. Qxf4 Rxf4 40. Nxa7 Nxa6
41. Rd6 Rf6 42. Rxf6 gxf6 43. Nc8 Nc5 44. Nxb6 Nxb3 45. Nd7 f5 46. c5 Nd4 47.
Ne5 Kg7 48. c6 Ne6 49. Kg2 Kf6 50. Nc4 f4 51. Nd6 Ke5 52. Nf7+ Kd5 53. Nxh6
Kxc6 54. Ng4 Kd5 55. Nf6+ Kd4 56. Nh5 Ke5 57. Kf1 Kf5 58. f3 e3 59. Ke2 Kg5 60.
Ng3 fxg3 61. Kxe3 Nf4 62. Kd4 0-1

[Event "Ukraine Championship-2017 U20 (Girls) B"]
[Site "Lviv"]
[Date "2017.03.02"]
[Round "2.2"]
[White "Osmak, Iulija"]
[Black "Rudenko, Veronika"]
[Result "1-0"]
[WhiteElo "2128"]
[BlackElo "1862"]
[PlyCount "77"]
[EventDate "2017.03.02"]
[EventType "swiss (blitz)"]
[EventRounds "9"]
[EventCountry "UKR"]

1. d4 Nf6 2. Bf4 g6 3. e3 Bg7 4. Be2 d6 5. Nf3 O-O 6. h3 b6 7. O-O Bb7 8. a4 c5
9. a5 Nc6 10. a6 Bc8 11. c3 Nd5 12. Bg3 Nc7 13. Nbd2 d5 14. Ne5 Nxe5 15. Bxe5
f6 16. Bg3 c4 17. b3 b5 18. bxc4 bxc4 19. e4 e6 20. exd5 exd5 21. Re1 Nb5 22.
Qc1 Bh6 23. Qb2 Bd7 24. Nxc4 dxc4 25. Bxc4+ Kg7 26. Bxb5 Bxb5 27. Qxb5 Bd2 28.
Re6 Bxc3 29. Rd1 Rf7 30. d5 Be5 31. Bxe5 fxe5 32. Rxe5 Rb8 33. Qe2 Rb6 34. Re8
Qd6 35. Re6 Qc5 36. Qe5+ Kg8 37. Re8+ Rf8 38. Rxf8+ Qxf8 39. d6 1-0

[Event "Ukraine Championship-2017 U20 (Girls) B"]
[Site "Lviv"]
[Date "2017.03.02"]
[Round "2.3"]
[White "Dvornitskaja, Elena"]
[Black "Barchuk, Irina"]
[Result "0-1"]
[WhiteElo "1849"]
[BlackElo "2071"]
[PlyCount "82"]
[EventDate "2017.03.02"]
[EventType "swiss (blitz)"]
[EventRounds "9"]
[EventCountry "UKR"]

1. e4 c5 2. Nf3 d6 3. Bb5+ Nd7 4. d4 Ngf6 5. e5 Qa5+ 6. Nc3 cxd4 7. Qxd4 dxe5
8. Nxe5 e6 9. Bg5 Qc7 10. O-O Bc5 11. Qf4 O-O 12. Bxf6 Nxf6 13. Nd3 Qxf4 14.
Nxf4 a6 15. Be2 b5 16. Bf3 Rb8 17. Rad1 Bb7 18. Bxb7 Rxb7 19. h3 h6 20. Rd2 Rc7
21. Rfd1 Bb4 22. Nfe2 Rc6 23. Rd4 Bc5 24. Rd8 Bb6 25. Rxf8+ Kxf8 26. Rd2 Ke7
27. Kf1 Ba5 28. Rd3 Rd6 29. Rxd6 Kxd6 30. Ke1 Ne4 31. f3 Nxc3 32. bxc3 Kc5 33.
Kd2 Kc4 34. g3 e5 35. f4 exf4 36. gxf4 g6 37. h4 h5 38. a3 Bd8 39. Nd4 Bxh4 40.
Nc6 Bf6 41. Nb4 Bxc3+ 0-1

[Event "Ukraine Championship-2017 U20 (Girls) B"]
[Site "Lviv"]
[Date "2017.03.02"]
[Round "3.1"]
[White "Bezkorovaina, Mariia"]
[Black "Tribushna, Hanna"]
[Result "1-0"]
[WhiteElo "2144"]
[BlackElo "1952"]
[PlyCount "57"]
[EventDate "2017.03.02"]
[EventType "swiss (blitz)"]
[EventRounds "9"]
[EventCountry "UKR"]

1. e4 d6 2. d4 Nf6 3. Bd3 e5 4. c3 g6 5. Ne2 Bg7 6. f4 Nbd7 7. O-O O-O 8. Ng3
c5 9. fxe5 dxe5 10. d5 Qb6 11. c4 Ne8 12. Nc3 Nd6 13. Rb1 a6 14. Bg5 f6 15. Be3
Qa5 16. Qb3 Rb8 17. Qa3 Qc7 18. b4 cxb4 19. Qxb4 a5 20. Nb5 Nxb5 21. Qxb5 b6
22. Qc6 Qd8 23. c5 Bb7 24. Qe6+ Kh8 25. c6 Re8 26. Qxd7 Qxd7 27. cxd7 Red8 28.
Bb5 Ba8 29. Rbc1 1-0

[Event "Ukraine Championship-2017 U20 (Girls) B"]
[Site "Lviv"]
[Date "2017.03.02"]
[Round "3.2"]
[White "Martynkova, Olena"]
[Black "Osmak, Iulija"]
[Result "0-1"]
[WhiteElo "1913"]
[BlackElo "2128"]
[PlyCount "99"]
[EventDate "2017.03.02"]
[EventType "swiss (blitz)"]
[EventRounds "9"]
[EventCountry "UKR"]

1. e4 e5 2. Nf3 Nc6 3. Bc4 Bc5 4. O-O Nf6 5. d3 O-O 6. c3 d6 7. h3 h6 8. Nbd2
a6 9. a4 Be6 10. Bxe6 fxe6 11. Nc4 Qe8 12. Be3 Bxe3 13. fxe3 Nh5 14. Qe1 Qe7
15. Kh2 b5 16. Ncd2 b4 17. c4 Nf6 18. b3 Nd7 19. d4 exd4 20. exd4 e5 21. d5 Nd8
22. Qg3 Nb7 23. Nh4 Nbc5 24. Rxf8+ Rxf8 25. Ng6 Qd8 26. Nxf8 Qxf8 27. Rf1 Nf6
28. Qg6 Qf7 29. Qf5 Qd7 30. Qxd7 Ncxd7 31. Kg3 Nc5 32. Kf3 a5 33. g4 g5 34. h4
Kg7 35. hxg5 hxg5 36. Re1 Nd3 37. Re3 Nc5 38. Nf1 Kg6 39. Ng3 Kf7 40. Nh5 Nfd7
41. Ke2 Kg6 42. Kf3 Kf7 43. Kf2 Kg6 44. Ke2 Nf8 45. Ng3 Nfd7 46. Nf5 Kf7 47.
Rh3 Nf6 48. Nh6+ Kg6 49. Nf5 Nfxe4 50. Rh1 0-1

[Event "Ukraine Championship-2017 U20 (Girls) B"]
[Site "Lviv"]
[Date "2017.03.02"]
[Round "3.3"]
[White "Barchuk, Irina"]
[Black "Shumeyko, Anna"]
[Result "1/2-1/2"]
[WhiteElo "2071"]
[BlackElo "1765"]
[PlyCount "89"]
[EventDate "2017.03.02"]
[EventType "swiss (blitz)"]
[EventRounds "9"]
[EventCountry "UKR"]

1. e4 e6 2. d4 d5 3. Nc3 Bb4 4. e5 c5 5. a3 Bxc3+ 6. bxc3 Qa5 7. Bd2 Qa4 8. h4
Nc6 9. Nf3 Nge7 10. h5 h6 11. Rh4 c4 12. Rg4 Kf8 13. Nh4 Nf5 14. Nxf5 exf5 15.
Rg3 Be6 16. Rf3 Ne7 17. Rb1 b5 18. Rb4 Qa5 19. Qb1 a6 20. a4 Rb8 21. axb5 Rxb5
22. Bc1 Nc6 23. Rxb5 Qxb5 24. Ba3+ Kg8 25. Qxb5 axb5 26. Kd2 Kh7 27. Re3 Ra8
28. Bb4 Ra1 29. Be2 g5 30. hxg6+ fxg6 31. Bc5 Rb1 32. Bf3 Kg7 33. Re1 Rxe1 34.
Kxe1 g5 35. g3 g4 36. Bg2 h5 37. Ke2 Kg6 38. Ke3 Kf7 39. Kf4 Kg6 40. f3 Bf7 41.
fxg4 hxg4 42. Bf1 Be6 43. Bg2 Bf7 44. Bd6 Be6 45. Bc5 1/2-1/2

[Event "Ukraine Championship-2017 U20 (Girls) B"]
[Site "Lviv"]
[Date "2017.03.02"]
[Round "4.1"]
[White "Osmak, Iulija"]
[Black "Bezkorovaina, Mariia"]
[Result "1-0"]
[WhiteElo "2128"]
[BlackElo "2144"]
[PlyCount "73"]
[EventDate "2017.03.02"]
[EventType "swiss (blitz)"]
[EventRounds "9"]
[EventCountry "UKR"]

1. e4 e5 2. Nf3 d6 3. d4 Nd7 4. Bc4 c6 5. O-O Be7 6. Nc3 Ngf6 7. a4 O-O 8. h3
Qc7 9. Re1 Rb8 10. Ba2 b5 11. axb5 cxb5 12. Nd5 Nxd5 13. exd5 Bf6 14. c3 Bb7
15. Qd3 exd4 16. Nxd4 Ne5 17. Qf5 Rfe8 18. Bd2 Qc5 19. b4 Qb6 20. Bb1 Ng6 21.
Bd3 a6 22. Be3 Qc7 23. Rac1 Re5 24. Qg4 Rbe8 25. c4 bxc4 26. Rxc4 Qd8 27. Nc6
Bxc6 28. dxc6 Qc8 29. Qxc8 Rxc8 30. Rc2 Nf4 31. Bxa6 Rc7 32. b5 Nd5 33. Rcc1
Nxe3 34. Rxe3 Kf8 35. b6 Rce7 36. Rxe5 Rxe5 37. c7 1-0

[Event "Ukraine Championship-2017 U20 (Girls) B"]
[Site "Lviv"]
[Date "2017.03.02"]
[Round "4.3"]
[White "Shumeyko, Anna"]
[Black "Vasilenko, Ekaterina"]
[Result "0-1"]
[WhiteElo "1765"]
[BlackElo "1755"]
[PlyCount "56"]
[EventDate "2017.03.02"]
[EventType "swiss (blitz)"]
[EventRounds "9"]
[EventCountry "UKR"]

1. Nf3 f5 2. d3 d6 3. e4 e5 4. Nc3 Nf6 5. Bg5 Be7 6. Qd2 Nc6 7. O-O-O a6 8. Be2
b5 9. Bxf6 Bxf6 10. Nd5 O-O 11. h4 Be6 12. Nxf6+ Qxf6 13. b3 a5 14. a3 Ne7 15.
Qg5 Qf7 16. Qd2 c5 17. Ng5 Qf6 18. Nxe6 Qxe6 19. exf5 Nxf5 20. Bf3 Rac8 21. Kb2
Kh8 22. Be4 Nd4 23. g3 c4 24. dxc4 bxc4 25. Ka2 cxb3+ 26. cxb3 Qxb3+ 27. Ka1
Qxa3+ 28. Kb1 Rb8+ 0-1

[Event "Ukraine Championship-2017 U20 (Girls) B"]
[Site "Lviv"]
[Date "2017.03.02"]
[Round "5.1"]
[White "Barchuk, Irina"]
[Black "Osmak, Iulija"]
[Result "0-1"]
[WhiteElo "2071"]
[BlackElo "2128"]
[PlyCount "76"]
[EventDate "2017.03.02"]
[EventType "swiss (blitz)"]
[EventRounds "9"]
[EventCountry "UKR"]

1. e4 e6 2. d4 d5 3. Nc3 Nf6 4. e5 Nfd7 5. f4 c5 6. Nf3 Nc6 7. Be3 a6 8. Qd2
Qb6 9. Nd1 Be7 10. c3 f6 11. exf6 Nxf6 12. Nf2 O-O 13. Bd3 c4 14. Be2 Qc7 15.
O-O b5 16. Ne5 b4 17. Bf3 Rb8 18. Nfg4 Nxg4 19. Bxg4 Nxe5 20. fxe5 bxc3 21.
bxc3 Bd7 22. Bg5 Ba3 23. Qe3 Bb2 24. Rab1 Rxf1+ 25. Rxf1 Ba3 26. Qh3 Qb6 27.
Qh5 Rf8 28. Rxf8+ Bxf8 29. h4 g6 30. Bxe6+ Bxe6 31. Qe2 Qb1+ 32. Kh2 Qe4 33.
Qb2 Qf5 34. Bf6 Qf4+ 35. Kh1 Bf5 36. Qb7 Be4 37. Qd7 Qf1+ 38. Kh2 Qxg2# 0-1

[Event "Ukraine Championship-2017 U20 (Girls) B"]
[Site "Lviv"]
[Date "2017.03.02"]
[Round "5.2"]
[White "Bezkorovaina, Mariia"]
[Black "Vasilenko, Ekaterina"]
[Result "1-0"]
[WhiteElo "2144"]
[BlackElo "1755"]
[PlyCount "47"]
[EventDate "2017.03.02"]
[EventType "swiss (blitz)"]
[EventRounds "9"]
[EventCountry "UKR"]

1. Nf3 f5 2. d4 Nf6 3. Nc3 d6 4. Bg5 g6 5. Bxf6 exf6 6. e3 Bg7 7. Bc4 c6 8. d5
b5 9. Bb3 b4 10. Ne2 c5 11. O-O O-O 12. Nf4 Re8 13. Re1 g5 14. Ne6 Qe7 15. Qd3
a5 16. Qxf5 Ba6 17. c4 bxc3 18. Bc2 Bh8 19. bxc3 Nd7 20. Nc7 Ne5 21. Nxa8 Rxa8
22. Nxe5 Qxe5 23. Qxh7+ Kf8 24. Qxh8+ 1-0

[Event "Ukraine Championship-2017 U20 (Girls) B"]
[Site "Lviv"]
[Date "2017.03.02"]
[Round "5.3"]
[White "Martynkova, Olena"]
[Black "Dvornitskaja, Elena"]
[Result "1-0"]
[WhiteElo "1913"]
[BlackElo "1849"]
[PlyCount "57"]
[EventDate "2017.03.02"]
[EventType "swiss (blitz)"]
[EventRounds "9"]
[EventCountry "UKR"]

1. d4 Nf6 2. Nf3 g6 3. c4 Bg7 4. g3 O-O 5. Bg2 c6 6. O-O d5 7. b3 Ne4 8. Bb2
Bg4 9. h3 Bf5 10. e3 Nd7 11. Qe2 Ndf6 12. Ne5 Nd7 13. Nd3 a5 14. f3 Nxg3 15.
Qd2 Nxf1 16. Bxf1 Qc7 17. Bg2 Qg3 18. Nf4 Bh6 19. Ne2 Qf2+ 20. Kh2 e5 21. Bc1
dxc4 22. Nbc3 exd4 23. Nxd4 Qxd2 24. Bxd2 Be6 25. f4 Nf6 26. Be1 Bg7 27. Bh4
Rac8 28. Nce2 Ne4 29. Bxe4 1-0

[Event "Ukraine Championship-2017 U20 (Girls) B"]
[Site "Lviv"]
[Date "2017.03.02"]
[Round "6.1"]
[White "Osmak, Iulija"]
[Black "Salah, Nadezhda"]
[Result "1-0"]
[WhiteElo "2128"]
[BlackElo "1864"]
[PlyCount "123"]
[EventDate "2017.03.02"]
[EventType "swiss (blitz)"]
[EventRounds "9"]
[EventCountry "UKR"]

1. e4 e6 2. d4 d5 3. e5 c5 4. c3 Nc6 5. Nf3 Bd7 6. Be2 Nge7 7. O-O Ng6 8. g3 f6
9. exf6 Qxf6 10. Na3 cxd4 11. Nb5 Rc8 12. cxd4 a6 13. Nc3 Bd6 14. Bg5 Qf7 15.
h4 O-O 16. h5 Nge7 17. h6 Nf5 18. Qd2 Qg6 19. hxg7 Qxg7 20. Rad1 Ncxd4 21. Nxd4
Nxd4 22. Bh6 Nxe2+ 23. Nxe2 Qg4 24. Bxf8 Rxf8 25. Nd4 e5 26. Nc2 d4 27. Nxd4
exd4 28. Qxd4 Qf3 29. Qd5+ Qxd5 30. Rxd5 Rf6 31. Rfd1 Bc6 32. Rxd6 Rf5 33. f4
Rh5 34. Kf2 Rh2+ 35. Ke3 Rxb2 36. R1d2 Rb5 37. Rd8+ Kf7 38. R8d4 h5 39. R4d3
Rb4 40. Rd4 Rb5 41. Kf2 Rf5 42. Re2 a5 43. Re5 Kf6 44. Rxf5+ Kxf5 45. Rc4 Bd5
46. Rc5 Ke4 47. Rxa5 b6 48. Ra6 b5 49. Ra5 Bc4 50. a3 h4 51. gxh4 Kxf4 52. Ra8
Kg4 53. Rh8 Bf7 54. Ke3 Bc4 55. Kd4 Kf5 56. Kc5 Kg4 57. h5 Kg5 58. h6 Kg6 59.
Kb4 Bd3 60. Rd8 Bc4 61. Rd6+ Kh7 62. a4 1-0

[Event "Ukraine Championship-2017 U20 (Girls) B"]
[Site "Lviv"]
[Date "2017.03.02"]
[Round "6.2"]
[White "Martynkova, Olena"]
[Black "Bezkorovaina, Mariia"]
[Result "1-0"]
[WhiteElo "1913"]
[BlackElo "2144"]
[PlyCount "127"]
[EventDate "2017.03.02"]
[EventType "swiss (blitz)"]
[EventRounds "9"]
[EventCountry "UKR"]

1. d4 f5 2. Nf3 Nf6 3. g3 e6 4. Bg2 Be7 5. O-O O-O 6. c4 c5 7. Nc3 cxd4 8. Nxd4
Nc6 9. b3 Qc7 10. Bb2 a6 11. Rc1 b6 12. Nd5 exd5 13. cxd5 Bb7 14. dxc6 dxc6 15.
Ne6 Qb8 16. Nxf8 Qxf8 17. Bxc6 Rd8 18. Qe1 Bc8 19. Bg2 Ne4 20. Rd1 Re8 21. Bxe4
fxe4 22. Qc3 Bh3 23. Rfe1 Bc5 24. e3 Bg4 25. Rd5 Be6 26. Re5 Qf7 27. Rxe4 Bf8
28. Rd1 Rc8 29. Qe5 Bh3 30. Rf4 Qb7 31. Qe4 Qc7 32. Qd5+ Kh8 33. Qd4 Be6 34.
Re4 Bg8 35. Rc1 Qd8 36. Qxd8 Rxd8 37. Rc7 Rd1+ 38. Kg2 Bd5 39. Kf3 Bxe4+ 40.
Kxe4 Kg8 41. Rc8 Kf7 42. Rb8 b5 43. Rb7+ Kg8 44. Ra7 Rd2 45. Bd4 Rxa2 46. f4 a5
47. Ra8 Kf7 48. Ra7+ Ke6 49. f5+ Kd6 50. Ra8 Be7 51. Be5+ Kd7 52. Ra7+ Ke8 53.
Kd5 Bf6 54. Ke6 Rd2 55. Bd6 Rd3 56. e4 Bd8 57. Ra8 a4 58. bxa4 bxa4 59. e5 Rd4
60. f6 gxf6 61. exf6 Rxd6+ 62. Kxd6 a3 63. f7+ Kxf7 64. Rxd8 1-0

[Event "Ukraine Championship-2017 U20 (Girls) B"]
[Site "Lviv"]
[Date "2017.03.02"]
[Round "6.3"]
[White "Vasilenko, Ekaterina"]
[Black "Barchuk, Irina"]
[Result "1-0"]
[WhiteElo "1755"]
[BlackElo "2071"]
[PlyCount "99"]
[EventDate "2017.03.02"]
[EventType "swiss (blitz)"]
[EventRounds "9"]
[EventCountry "UKR"]

1. e4 c5 2. Nf3 d6 3. d4 cxd4 4. Nxd4 Nf6 5. f3 e5 6. Nb3 Be6 7. Nc3 Nc6 8. Be3
Be7 9. Qd2 d5 10. exd5 Nxd5 11. Nxd5 Bxd5 12. O-O-O Bxb3 13. Qxd8+ Rxd8 14.
Rxd8+ Kxd8 15. axb3 Kc7 16. Bc4 f6 17. Rd1 a6 18. Be6 Rd8 19. Rxd8 Nxd8 20. Bc4
Kc6 21. Kd2 b5 22. Bd3 Ne6 23. Bxh7 Nf4 24. Be4+ Kc7 25. g3 Ne6 26. Bd5 Nc5 27.
Kc3 Kd6 28. Bxc5+ Kxc5 29. Bb7 Kb6 30. Be4 Bc5 31. g4 Bd4+ 32. Kd3 Bxb2 33. h4
Bc1 34. Bf5 Kc5 35. Ke4 a5 36. Be6 a4 37. bxa4 bxa4 38. Kf5 Kb4 39. Kg6 Kc3 40.
Kxg7 Kxc2 41. Kxf6 Bf4 42. g5 a3 43. g6 Bh6 44. Kxe5 Bg7+ 45. Kf5 Kb2 46. h5 a2
47. Bxa2 Kxa2 48. Kg5 Kb3 49. h6 Bd4 50. g7 1-0

[Event "Ukraine Championship-2017 U20 (Girls) B"]
[Site "Lviv"]
[Date "2017.03.02"]
[Round "7.1"]
[White "Kozachenko, Sofia"]
[Black "Osmak, Iulija"]
[Result "0-1"]
[WhiteElo "1827"]
[BlackElo "2128"]
[PlyCount "132"]
[EventDate "2017.03.02"]
[EventType "swiss (blitz)"]
[EventRounds "9"]
[EventCountry "UKR"]

1. e4 d6 2. d4 Nf6 3. f3 c5 4. c3 cxd4 5. cxd4 Nc6 6. Be3 g6 7. Nc3 Bg7 8. Bc4
a6 9. a4 e6 10. Nge2 d5 11. exd5 Nxd5 12. Nxd5 exd5 13. Bb3 O-O 14. O-O Re8 15.
Bf2 Be6 16. Rc1 Qb6 17. Rc3 Na5 18. Kh1 Rac8 19. Nc1 Rxc3 20. bxc3 Rc8 21. Be1
Nc4 22. Bxc4 Rxc4 23. Bd2 Qa5 24. Qb3 b6 25. Nd3 h6 26. Nb2 Rc8 27. h3 b5 28.
axb5 axb5 29. Nd3 Bf8 30. g4 h5 31. Rb1 hxg4 32. hxg4 Rb8 33. Nb4 Qa8 34. Kg2
Qa4 35. Kf2 Ra8 36. Kg3 Bd6+ 37. Bf4 Bxf4+ 38. Kxf4 Qa7 39. Kg3 Qc7+ 40. Kg2
Qf4 41. Qc2 Rc8 42. Qd3 Kg7 43. Re1 Rh8 44. Rh1 Rxh1 45. Kxh1 Qg3 46. Qe2 Qf4
47. Kg2 Qf6 48. Qe3 Qe7 49. Nc6 Qd6 50. Nb4 Qc7 51. Qd3 Qf4 52. Qxb5 Qd2+ 53.
Kg3 Qxc3 54. Nxd5 Qxd4 55. Nf4 Qd6 56. Qa4 g5 57. Qa1+ f6 58. Qa7+ Bf7 59. Qa5
Qxf4+ 60. Kf2 Qe5 61. Qa7 Kg6 62. Kg2 Bd5 63. Qa6 Qf4 64. Qd3+ f5 65. gxf5+
Qxf5 66. Kg3 Qxd3 0-1

[Event "Ukraine Championship-2017 U20 (Girls) B"]
[Site "Lviv"]
[Date "2017.03.02"]
[Round "7.2"]
[White "Vasilenko, Ekaterina"]
[Black "Martynkova, Olena"]
[Result "0-1"]
[WhiteElo "1755"]
[BlackElo "1913"]
[PlyCount "84"]
[EventDate "2017.03.02"]
[EventType "swiss (blitz)"]
[EventRounds "9"]
[EventCountry "UKR"]

1. e4 c5 2. Nf3 e6 3. d4 cxd4 4. Nxd4 Nc6 5. Nxc6 bxc6 6. Nc3 d5 7. exd5 cxd5
8. Bf4 Nf6 9. Bb5+ Bd7 10. Qe2 Be7 11. O-O O-O 12. Bxd7 Qxd7 13. a3 Rfc8 14.
Rfd1 Qb7 15. Rab1 Rc4 16. Re1 Rxf4 17. Qe5 Rc4 18. b4 Rac8 19. Ne2 Qc7 20. Qe3
Rxc2 21. Nd4 Rc3 22. Qe2 Qc4 23. Nf5 Bf8 24. Qxc4 R8xc4 25. Ne3 Rc8 26. a4 d4
27. Nd1 R3c4 28. b5 Rxa4 29. Nb2 Rb4 30. Nd3 Rxb1 31. Rxb1 Nd5 32. Kf1 Nc3 33.
Rc1 Rb8 34. Ne5 Rxb5 35. Nc6 Rb1 36. Rxb1 Nxb1 37. Nxa7 d3 38. Nb5 Nd2+ 39. Ke1
Ne4 40. f3 Bb4+ 41. Kf1 d2 42. Ke2 Nf2 0-1

[Event "Ukraine Championship-2017 U20 (Girls) B"]
[Site "Lviv"]
[Date "2017.03.02"]
[Round "7.3"]
[White "Bezkorovaina, Mariia"]
[Black "Dvornitskaja, Elena"]
[Result "1-0"]
[WhiteElo "2144"]
[BlackElo "1849"]
[PlyCount "65"]
[EventDate "2017.03.02"]
[EventType "swiss (blitz)"]
[EventRounds "9"]
[EventCountry "UKR"]

1. e4 d6 2. d4 g6 3. Bd3 Bg7 4. c3 Nf6 5. f4 O-O 6. Nf3 c5 7. O-O Bg4 8. h3
Bxf3 9. Qxf3 Nc6 10. d5 Nb8 11. c4 e6 12. Nc3 Nbd7 13. Bd2 exd5 14. cxd5 Qb6
15. Qf2 Rab8 16. b3 Rfe8 17. Rae1 Qd8 18. Nb5 Qb6 19. Na3 a6 20. Bc3 Qc7 21.
Nc4 Nxe4 22. Rxe4 Rxe4 23. Bxg7 Ree8 24. Bb2 b5 25. Ne3 Qd8 26. Ng4 h5 27. Nh2
Kh7 28. Nf3 f6 29. Qh4 Kh6 30. g4 f5 31. g5+ Kh7 32. Bxf5 Qe7 33. Qxh5+ 1-0

[Event "Ukraine Championship-2017 U20 (Girls) B"]
[Site "Lviv"]
[Date "2017.03.02"]
[Round "8.1"]
[White "Osmak, Iulija"]
[Black "Mats, Diana"]
[Result "1-0"]
[WhiteElo "2128"]
[BlackElo "1980"]
[PlyCount "61"]
[EventDate "2017.03.02"]
[EventType "swiss (blitz)"]
[EventRounds "9"]
[EventCountry "UKR"]

1. e4 d5 2. exd5 Qxd5 3. Nc3 Qa5 4. d4 c6 5. Bd2 Nf6 6. Bd3 Bg4 7. Nge2 e6 8.
f3 Bh5 9. Nf4 Bg6 10. Nxg6 hxg6 11. Qe2 Nbd7 12. O-O-O Bb4 13. a3 Bxc3 14. Bxc3
Qb6 15. Kb1 Nd5 16. Be1 O-O-O 17. g3 N7f6 18. c3 Rh5 19. Ka1 Nc7 20. h4 Ra5 21.
c4 Qxd4 22. Bxa5 b6 23. Bc3 Qc5 24. Bb4 Qh5 25. g4 Qh8 26. Be4 c5 27. Rxd8+
Qxd8 28. Bc3 Nce8 29. Rd1 Qc7 30. g5 Nd7 31. Qd3 1-0

[Event "Ukraine Championship-2017 U20 (Girls) B"]
[Site "Lviv"]
[Date "2017.03.02"]
[Round "8.2"]
[White "Martynkova, Olena"]
[Black "Salah, Nadezhda"]
[Result "0-1"]
[WhiteElo "1913"]
[BlackElo "1864"]
[PlyCount "60"]
[EventDate "2017.03.02"]
[EventType "swiss (blitz)"]
[EventRounds "9"]
[EventCountry "UKR"]

1. d4 Nf6 2. c4 g6 3. Nf3 Bg7 4. g3 d6 5. Bg2 O-O 6. O-O Nbd7 7. Nc3 e5 8. e4
exd4 9. Nxd4 c6 10. h3 a5 11. Re1 Nc5 12. Be3 Re8 13. Qc2 Bd7 14. Rad1 Qc8 15.
Kh2 Re5 16. Bf4 Rh5 17. h4 Ng4+ 18. Kg1 Ne5 19. b3 h6 20. Qe2 Bh3 21. Qf1 Bxg2
22. Qxg2 Ned3 23. Be3 Nxe1 24. Rxe1 Nd3 25. Rd1 Ne5 26. Nde2 g5 27. hxg5 hxg5
28. Rxd6 Qg4 29. Rd2 Nf3+ 30. Kf1 Rh2 0-1

[Event "Ukraine Championship-2017 U20 (Girls) B"]
[Site "Lviv"]
[Date "2017.03.02"]
[Round "8.3"]
[White "Badik, Yaryna"]
[Black "Bezkorovaina, Mariia"]
[Result "0-1"]
[WhiteElo "1752"]
[BlackElo "2144"]
[PlyCount "56"]
[EventDate "2017.03.02"]
[EventType "swiss (blitz)"]
[EventRounds "9"]
[EventCountry "UKR"]

1. e4 e5 2. Nf3 d6 3. Nc3 Nf6 4. h3 Be7 5. d4 Nbd7 6. Be2 O-O 7. O-O c6 8. dxe5
dxe5 9. Bg5 Qc7 10. Re1 Nc5 11. Bf1 Ne6 12. Bh4 Nf4 13. Bg3 Ng6 14. Qe2 Be6 15.
Ng5 Bc8 16. Rad1 h6 17. Nf3 Be6 18. Qe3 b6 19. Bd3 Bc5 20. Qe2 Nh5 21. Bh2 Ngf4
22. Qf1 Qe7 23. Nxe5 Qg5 24. Nf3 Nxh3+ 25. Kh1 Qg4 26. Bg3 Nxg3+ 27. fxg3 Qxg3
28. Ne2 Nf2+ 0-1

[Event "Ukraine Championship-2017 U20 (Girls) B"]
[Site "Lviv"]
[Date "2017.03.02"]
[Round "9.1"]
[White "Vasilenko, Ekaterina"]
[Black "Osmak, Iulija"]
[Result "1/2-1/2"]
[WhiteElo "1755"]
[BlackElo "2128"]
[PlyCount "31"]
[EventDate "2017.03.02"]
[EventType "swiss (blitz)"]
[EventRounds "9"]
[EventCountry "UKR"]

1. Nc3 d5 2. e4 e6 3. exd5 exd5 4. d4 Bb4 5. Bd2 Ne7 6. Nf3 O-O 7. Bd3 Nbc6 8.
O-O Bf5 9. Bxf5 Nxf5 10. Ne2 Bd6 11. c3 Nce7 12. Bf4 c6 13. Qd3 Bxf4 14. Nxf4
Nd6 15. Rfe1 Ng6 16. Nxg6 1/2-1/2

[Event "Ukraine Championship-2017 U20 (Girls) B"]
[Site "Lviv"]
[Date "2017.03.02"]
[Round "9.2"]
[White "Bezkorovaina, Mariia"]
[Black "Kozachenko, Sofia"]
[Result "1-0"]
[WhiteElo "2144"]
[BlackElo "1827"]
[PlyCount "161"]
[EventDate "2017.03.02"]
[EventType "swiss (blitz)"]
[EventRounds "9"]
[EventCountry "UKR"]

1. Nf3 Nf6 2. g3 e6 3. Bg2 d5 4. O-O Be7 5. d3 O-O 6. Nbd2 b6 7. e4 Bb7 8. Qe2
c5 9. Re1 Qc7 10. e5 Nfd7 11. Nf1 Nc6 12. Bf4 b5 13. h4 Nb6 14. N1h2 d4 15. Ng5
g6 16. Ng4 Nd7 17. Nh6+ Kg7 18. Nhxf7 Bxg5 19. Nxg5 Nd8 20. Bxb7 Qxb7 21. Qe4
Qxe4 22. Nxe4 a6 23. Kg2 Nb7 24. a4 b4 25. Nd2 Na5 26. b3 Rf5 27. Re4 Raf8 28.
Nf3 h6 29. Rf1 Nb6 30. Nh2 Nd5 31. Bd2 Nc6 32. f4 g5 33. hxg5 hxg5 34. fxg5
Nxe5 35. Rxf5 Rxf5 36. Bf4 Ng6 37. Bd6 Ne3+ 38. Kg1 Rxg5 39. Nf3 Rf5 40. Kf2
Nxc2 41. Ke2 Na1 42. Ne5 Nxe5 43. Bxe5+ Kg6 44. Rg4+ Rg5 45. Re4 Nxb3 46. Bf4
Rf5 47. Rxe6+ Rf6 48. Re5 a5 49. Kd1 Na1 50. Kc1 b3 51. Kb2 Nc2 52. Kxb3 Nb4
53. Kc4 Rc6 54. Bd2 Nc2 55. Rxc5 Na3+ 56. Kxd4 Rd6+ 57. Ke3 Re6+ 58. Kf2 Nb1
59. Be3 Ra6 60. d4 Rf6+ 61. Ke2 Rb6 62. d5 Kf5 63. Kd3 Rb3+ 64. Kd4 Rb4+ 65.
Rc4 Rb2 66. d6 Ke6 67. Kc5 Na3 68. Re4+ Kd7 69. Re7+ Kd8 70. Bg5 Rc2+ 71. Kd5
Rc3 72. Rc7+ Ke8 73. Rxc3 Kf7 74. d7 Kg6 75. d8=Q Nb1 76. Rc6+ Kh5 77. Bc1 Kg4
78. Qg5+ Kh3 79. Qh4+ Kg2 80. Rc2+ Kf3 81. Qe4+ 1-0